Pays le plus au sud par catégorie - Statistiques

Statistiques générales
  • Ce quiz a été pris 108 fois
  • Le résultat moyen est 12 sur 20
Statistiques - réponses
Le pays le plus au sud qui... Latitude Réponse % Correct
a une mégapole (ville de +10M d'habitants) 55.1 °S Argentine
92%
a accueilli les jeux Olympiques 43.6 °S Australie
90%
est majoritairement anglophone 46.7 °S Nouvelle Zélande
88%
commence par un P 27.7 °S Paraguay
81%
n'a pas accès à la mer 30.7 °S Lesotho
79%
revendique du territoire en Antarctique 56.3 °S Chili
77%
est en Asie (selon JetPunk) 11.0 °S Indonésie
76%
a une population d'éléphants sauvages 34.8 °S Afrique du Sud
65%
est traversé par l'équateur 33.8 °S Brésil
64%
contient la lettre Y 35.0 °S Uruguay
62%
est sur la péninsule Arabique 12.1 °N Yémen
60%
est voisin de la Russie 18.2 °N Chine
58%
est traversé par le Sahara 7.3 °N Tchad
55%
est voisin de l'Inde 9.6 °N Birmanie
51%
est une nation insulaire des Caraïbes 10.1 °N Trinité-et-Tobago
48%
a la français pour langue officielle 25.6 °S Madagascar
44%
a le chinois pour langue officielle 1.2 °N Singapour
43%
borde l'Océan Arctique 18.9 °N États-Unis
35%
a été colonisé par l'Italie 1.1 °S Somalie
35%
fait partie de l'OPEP 5.03 °S Rép. du Congo
16%
Aucun quiz correspondant
Distribution des résultats
% des personnes avec chaque résultat
Percentile par nombre de réponses
Votre historique - résultats
Vous n’avez pas pris ce quiz